Statistics for The Sengoku Period

Click here to take the quiz!

General Stats

  • This quiz has been taken 132 times
  • The average score is 15 of 20

Answer Stats

HintAnswer% Correct
First of the three 'Great Unifiers'.Oda Nobunaga
98%
Most famous type of sword used by these nobility.Katana
97%
Japan's imperial capital during the Sengoku Period.Kyoto
96%
Third Great Unifier.Tokugawa Ieyasu
95%
Foreign country the second Great Unifier invaded.Korea
91%
Title of the feudal warlords who fought for supremacy during the period.Daimyo
90%
Title claimed by third Great Unifier in 1603.Shogun
90%
Second Great Unifier, rose from the status of a peasant soldier, or ashigaru.Toyotomi Hideyoshi
89%
Known as the 'Tiger of Kai' this lord fought five battles against his great rival at Kawanakajima.Takeda Shingen
83%
Name for the hereditary military nobility of Japan at the time.Samurai
79%
Foreign power that brought the arquebus to Japan.Portugal
74%
His rival, known as the 'Dragon of Echigo'.Uesugi Kenshin
71%
Decisive battle won by the third Great Unifier in 1600.Battle of Sekigahara
69%
Powerful family who effectively ruled Japan prior to the period.Ashikaga
67%
Third Great Unifier's opponent in that battle.Ishida Mitsunari
51%
War that initiated the Sengoku Period after that family's rule collapsed.Onin War
51%
Naval commander of that country that defeated the Japanese at sea.Yi Sun-sin
51%
Final major military action of the period in 1615, that saw the destruction of the second Great Unifier's clan.Siege of Osaka
50%
Victory of the first Great Unifier against the Imagawa in 1560.Battle of Okehazama
46%
Named after two castles, this was the final phase of the Sengoku Period.Azuchi-Momoyama Period
28%

Score Distribution

Percentile by Number Answered

Percent of People with Each Score

Your Score History

You have not taken this quiz